000 00339 a2200133 4500
001 67265
040 _cAnchieta - Pituba
100 _aTânia Antunes Dourado
240 1 0 _aAtualidades e redação
_lpor
245 1 0 _aAtualidades e redação
300 _a85
650 4 _a. Vestibulares / Exames de admissão em universidades
942 _cBK
999 _c67265
_d67265